| 000 | 00632nam a22001457a 4500 | ||
|---|---|---|---|
| 020 | _a81-7223-514-3 | ||
| 082 |
_a823 _bCOE/F |
||
| 100 | _aCOELHO, PAULO | ||
| 245 | _aTHE FIFTH MOUNTAIN | ||
| 260 |
_aLONDON _bHARPER COLLINS _c2006 |
||
| 300 | _a245 | ||
| 520 | _aThe Fifth Mountain is an inspiring story of a man named Elijah. He is a prophet who lived in Israel. For a certain reason, he has to flee away from his home to a town called Akbar. In Akbar he survives the challenges of his life which later change him and prepare him to go back to Israel and rebuild his home country. | ||
| 650 |
_aNOVEL _zUNITED KINGDOM |
||
| 942 | _cBK | ||
| 999 |
_c2945 _d2945 |
||